Assassinations - Statistics

General Stats
  • This quiz has been taken 239 times
  • The average score is 8 of 15
Answer Stats
When Where Who was assassinated % Correct
15 April 1865 Washington D.C, United States Abraham Lincoln
93%
5 June 1968 Los Angeles, California, United States Robert Kennedy
93%
15 March 44 BC Rome, Roman Empire Julius Caesar
84%
30 January 1948 New Delhi, India Mahatma Gandhi
82%
8 December 1980 New York City, New York, United States John Lennon
80%
13 September 1996 Las Vegas, Nevada, United States Tupac Shakur
58%
30 December 1916 St.Petersburg, Russia Grigori Rasputin
55%
17 February 2017 Kuala Lumpur, Malaysia Kim Jong-nam
53%
24 November 1963 Dallas, Texas, United States Lee Harvey Oswald
53%
27 December 2007 Rawalpindi, Punjab, Pakistan Benazir Bhutto
49%
26 October 1979 Gungjeong-dong, Seoul, South Korea Park Chung-hee
27%
30 May 1961 Santo Domingo (then Ciudad Trujillo), Dominican Republic Rafael Trujillo
26%
31 March 1995 Corpus Christi, Texas, United States Selena
23%
1 November 2006 London, England, United Kingdom Alexander Litvinenko
15%
15 October 1987 Ouagadougou, Burkina Faso Thomas Sankara
10%
No matching quizzes found
Score Distribution
Percent of People with Each Score
Percentile by Number Answered
Your Score History
You have not taken this quiz